Welcome to CU Library Online Public Access Catalogue (OPAC)

The Armageddon: (Record no. 4917)

MARC details
000 -LEADER
fixed length control field 00412nam a22001577a 4500
005 - DATE AND TIME OF LATEST TRANSACTION
control field 20250318103309.0
008 - FIXED-LENGTH DATA ELEMENTS--GENERAL INFORMATION
fixed length control field 250318b |||||||| |||| 00| 0 eng d
020 ## - INTERNATIONAL STANDARD BOOK NUMBER
International Standard Book Number 03402721104
050 ## - LIBRARY OF CONGRESS CALL NUMBER
Classification number BV 4909 GRA
Item number 1
100 ## - MAIN ENTRY--PERSONAL NAME
Personal name GRAHAM,Billy
245 ## - TITLE STATEMENT
Title The Armageddon:
Remainder of title A perspective on suffering
260 ## - PUBLICATION, DISTRIBUTION, ETC.
Place of publication, distribution, etc. London
Name of publisher, distributor, etc. Hodder and Stoughton
Date of publication, distribution, etc. 1981c
300 ## - PHYSICAL DESCRIPTION
Extent 224p
500 ## - GENERAL NOTE
General note Scrip. index
942 ## - ADDED ENTRY ELEMENTS (KOHA)
Source of classification or shelving scheme Library of Congress Classification
Koha item type Books
Suppress in OPAC No
999 ## -
-- 4917
-- 4917
Holdings
Withdrawn status Lost status Source of classification or shelving scheme Damaged status Not for loan Collection Home library Current library Shelving location Date acquired Total checkouts Full call number Barcode Date last seen Copy number Price effective from Koha item type
    Library of Congress Classification     Non-fiction Graduate Library (Christ Temple) Graduate Library (Christ Temple) General stacks 03/18/2025   BV 4909 GRA GSCT00000647 03/18/2025 1 03/18/2025 Books
© 2023-2024 Copyright: Central University Libraries. All Rights Reserved | Created by: Mahone Tech Office